000 00583nam a2200193Ia 4500
005 20260114185702.0
008 008 260114s9999 xx 000 0 eng d
020 _a9781350394186
037 _aEBOOK
040 _aCRL
_beng
_cCRL
041 _aeng
_2eng
084 _qCRL
100 _aSusan Doran, Thomas Freeman
_9873122
245 0 _aTudors and Stuarts on Film Historical Perspectives
260 _bBloomsbury
_c2008
856 _uhttps://doi.org/10.1007/978-1-137-09167-3?locatt=label:secondary_bloomsburyCollections
942 _cEBOOK
999 _c1472070
_d1472070